000 00372nam a2200145Ia 4500
008 230711s9999||||xx |||||||||||||| ||und||
041 _aENG
082 _a800
_bSH-S
100 _aSharma, Shankar Dayal
245 0 _aDr.sanker dyal sharma towards : a new India
250 _a1st Ed.
260 _c1991
_aNew Delhi
_bPradeep publishers
650 _aLiterature
942 _cBK
999 _c3002
_d3002